000 005170000a22001930004500
001 002370
003 MACL
005 20150929124652.0
008 150929b xxu||||| |||| 00| 0 eng d
040 _aMACL
_cMACL
041 _aEnglish
082 _a894.827/KRI
100 _aKrishnamuti, B.H.
_912677
245 _aGold Nuggets
_bSelected Post I̜ndepence Telugu Short Stories
_cB.H. Krishnamuti
260 _aDelhi
_c2004
_bSahitya Akademi,
350 _a225
650 _aLiterature
_912678
942 _k895
_cBK
_2ddc
999 _c14282
_d14282